[Event "DEM U14 2005"]
[Site "Willingen GER"]
[Date "2005.05.21"]
[Round "9"]
[White "Fink, Leander"]
[Black "Korman, Maxim"]
[Result "1-0"]
[Termination "normal"]
[Board "6"]
[WhiteElo "1967"]
[BlackElo "1999"]
[PlyCount "169"]
[WhiteFideId "24605247"]
[BlackFideId "24619787"]
[EventCountry "GER"]
[EventRounds "9"]
[EventType "swiss"]
[EventDate "2005.05.15"]

1. Nf3 Nf6 2. g3 b5 3. Bg2 Bb7 4. O-O e6 5. a4 b4 6. d4 d5 7. Bg5 Be7 8. c3
Nbd7 9. cxb4 Bxb4 10. Qb3 a5 11. Bd2 Ba6 12. Bxb4 Rb8 13. Qc2 Rxb4 14. Rc1 O-O
15. e3 c5 16. dxc5 Rc4 17. Nc3 Rxc5 18. Qd2 Qb6 19. Bf1 Bxf1 20. Kxf1 Rb8 21.
Nb5 Ne4 22. Qe1 Rbc8 23. Nfd4 e5 24. Nb3 Rc2 25. Kg1 R8c4 26. Rxc2 Rxc2 27.
Qxa5 Qf6 28. Rf1 Rxb2 29. Qa8+ Nf8 30. Qxd5 Rxf2 31. Qd1 Rxf1+ 32. Qxf1 Qe6 33.
Qd3 Ng5 34. e4 Qc6 35. Nd2 Qc5+ 36. Kg2 Qb4 37. Nc3 h6 38. Nc4 f6 39. a5 Nge6
40. a6 Kh7 41. a7 Nc7 42. Nd5 Qb7 43. Nxc7 Qxa7 44. Nd5 Ne6 45. Nce3 Qd4 46.
Qxd4 exd4 47. Nc4 Ng5 48. Nd2 Kg6 49. h4 Ne6 50. Kf3 Kf7 51. Nf4 Nf8 52. Ne2 h5
53. Nxd4 g5 54. Nf5 Ng6 55. Nc4 Nf8 56. Ke3 Ne6 57. Nd2 Kg6 58. Nf3 Kf7 59. Kd3
gxh4 60. gxh4 Kg6 61. Ke3 Nc5 62. Nh2 Nd7 63. Nf1 Ne5 64. N1g3 Ng4+ 65. Kd4 Ne5
66. Ne2 Kf7 67. Nf4 Nf3+ 68. Ke3 Ne5 69. Nxh5 Ng4+ 70. Kf4 Ne5 71. Nhg3 Ng6+
72. Ke3 Ne5 73. h5 Ng4+ 74. Kd4 Ne5 75. Ne2 Nf3+ 76. Kd5 Ng5 77. Nf4 Nh7 78.
Ne6 Ke8 79. Kd6 Kf7 80. Kd7 Kg8 81. Ke7 Kh8 82. Kf7 Nf8 83. Kxf8 Kh7 84. Kf7
Kh8 85. Ng5 1-0

[Event "DEM U14 2005"]
[Site "Willingen GER"]
[Date "2005.05.21"]
[Round "9"]
[White "Colpe, Malte"]
[Black "Schubert, Sven"]
[Result "1/2-1/2"]
[Termination "normal"]
[Board "7"]
[WhiteElo "1962"]
[BlackElo "1788"]
[PlyCount "84"]
[WhiteFideId "24623075"]
[BlackFideId "24630551"]
[EventCountry "GER"]
[EventRounds "9"]
[EventType "swiss"]
[EventDate "2005.05.15"]

1. d4 d5 2. c4 c6 3. Nc3 Nf6 4. Nf3 dxc4 5. a4 Bf5 6. e3 e6 7. Bxc4 Bb4 8. O-O
O-O 9. Ne5 Nbd7 10. f4 Nb6 11. Bd3 Bxd3 12. Nxd3 Be7 13. Kh1 Nbd5 14. Re1 Nxc3
15. bxc3 Ne4 16. Qc2 c5 17. Ne5 Nf6 18. Qb3 cxd4 19. exd4 Qd5 20. Rb1 b6 21.
Bd2 Rac8 22. Qxd5 Nxd5 23. c4 Nf6 24. a5 bxa5 25. Bxa5 Bd8 26. Bb4 Re8 27. Ra1
Be7 28. Bxe7 Rxe7 29. c5 Nd5 30. g3 Rec7 31. Ra3 g6 32. Rea1 Ra8 33. Nc4 Kf8
34. Nb6 Nxb6 35. cxb6 Rb7 36. Rxa7 Rab8 37. Rxb7 Rxb7 38. Rb1 Ke7 39. Kg2 Kd6
40. Kf3 f5 41. Ra1 Kc6 42. Re1 Kd6 1/2-1/2

[Event "DEM U14 2005"]
[Site "Willingen GER"]
[Date "2005.05.21"]
[Round "9"]
[White "Nuber, Blasius"]
[Black "Jorczik, Julian"]
[Result "1-0"]
[Termination "normal"]
[Board "8"]
[WhiteElo "1996"]
[BlackElo "2162"]
[PlyCount "75"]
[WhiteFideId "24620289"]
[BlackFideId "24611719"]
[EventCountry "GER"]
[EventRounds "9"]
[EventType "swiss"]
[EventDate "2005.05.15"]

1. e4 c5 2. c3 Nf6 3. e5 Nd5 4. d4 cxd4 5. cxd4 Nc6 6. Nf3 d6 7. Bc4 Nb6 8. Bb5
d5 9. Nc3 Bf5 10. Bg5 Qd7 11. O-O e6 12. Rc1 a6 13. Na4 Nxa4 14. Bxc6 bxc6 15.
Qxa4 Bd3 16. Rfd1 Be2 17. Rd2 Bxf3 18. gxf3 c5 19. Qxd7+ Kxd7 20. dxc5 Rb8 21.
b3 Rb5 22. Rdc2 Kc6 23. Kf1 h6 24. Bd8 Kd7 25. Bb6 Be7 26. Rc3 Rc8 27. a4 Rb4
28. Ba5 Rh4 29. b4 Rxh2 30. Kg1 Rh5 31. c6+ Ke8 32. b5 axb5 33. axb5 Rg5+ 34.
Kf1 d4 35. b6 Bd8 36. b7 Rb8 37. Bxd8 dxc3 38. c7 1-0

[Event "DEM U14 2005"]
[Site "Willingen GER"]
[Date "2005.05.21"]
[Round "9"]
[White "Schätz, Christopher"]
[Black "Seyb, Alexander"]
[Result "1-0"]
[Termination "normal"]
[Board "9"]
[WhiteElo "1749"]
[BlackElo "2061"]
[PlyCount "49"]
[WhiteFideId "24623997"]
[BlackFideId "4699033"]
[EventCountry "GER"]
[EventRounds "9"]
[EventType "swiss"]
[EventDate "2005.05.15"]

1. e4 c5 2. Nf3 d6 3. d4 cxd4 4. Nxd4 Nf6 5. Nc3 a6 6. Be2 e5 7. Nb3 Be7 8. O-O
O-O 9. f4 exf4 10. Bxf4 Nc6 11. a4 Be6 12. Kh1 Rc8 13. Qe1 Bxb3 14. cxb3 Qb6
15. Bc4 Na5 16. Bg5 Qc5 17. Bxf6 Bxf6 18. Rxf6 gxf6 19. Nd5 Nxc4 20. bxc4 Qxc4
21. h3 Qd4 22. Qh4 f5 23. Nf6+ Kg7 24. Qg5+ Kh8 25. Qh6 1-0

[Event "DEM U14 2005"]
[Site "Willingen GER"]
[Date "2005.05.21"]
[Round "9"]
[White "Savchenko, Aleksij"]
[Black "Hirneise, Jens"]
[Result "1/2-1/2"]
[Termination "normal"]
[Board "10"]
[WhiteElo "2026"]
[BlackElo "1958"]
[PlyCount "106"]
[WhiteFideId "24611727"]
[BlackFideId "24614734"]
[EventCountry "GER"]
[EventRounds "9"]
[EventType "swiss"]
[EventDate "2005.05.15"]

1. d4 Nf6 2. c4 g6 3. Nc3 Bg7 4. e4 d6 5. Nf3 O-O 6. Be2 e5 7. dxe5 dxe5 8.
Qxd8 Rxd8 9. Bg5 c6 10. Nxe5 Re8 11. O-O-O h6 12. Bxf6 Bxf6 13. Nd3 Bxc3 14.
bxc3 Rxe4 15. Bf3 Re8 16. Nc5 Kg7 17. Rd6 a5 18. Rhd1 Na6 19. Na4 Be6 20. Kb2
Rab8 21. c5 Kf8 22. R1d4 Ke7 23. Bg4 Rbd8 24. Rxd8 Rxd8 25. Rxd8 Kxd8 26. Bxe6
fxe6 27. Kb3 Ke7 28. Kc4 Kf6 29. Nb6 Nc7 30. Nc8 Nd5 31. Nd6 b5+ 32. cxb6 Nxb6+
33. Kc5 Na4+ 34. Kxc6 Nxc3 35. a3 a4 36. Kc5 Nd1 37. Kb4 Nxf2 38. Kxa4 e5 39.
Kb3 Ke6 40. Nc4 Kd5 41. a4 Kd4 42. a5 Nd3 43. Nb2 Nc5+ 44. Kc2 e4 45. Nd1 g5
46. g4 e3 47. Nc3 Na6 48. Ne2+ Kc4 49. Ng3 Nb4+ 50. Kd1 Kd3 51. h3 Na6 52. Ne2
Ke4 53. Ng1 Kd3 1/2-1/2

[Event "DEM U14 2005"]
[Site "Willingen GER"]
[Date "2005.05.21"]
[Round "9"]
[White "Zeldin, Leonid"]
[Black "Eibl, Maximilian"]
[Result "1/2-1/2"]
[Termination "normal"]
[Board "11"]
[WhiteElo "1917"]
[BlackElo "1843"]
[PlyCount "39"]
[WhiteFideId "24636088"]
[BlackFideId "24620092"]
[EventCountry "GER"]
[EventRounds "9"]
[EventType "swiss"]
[EventDate "2005.05.15"]

1. e4 e6 2. d4 d5 3. exd5 exd5 4. c4 Bb4+ 5. Nc3 Ne7 6. Nf3 O-O 7. Be2 dxc4 8.
Bxc4 Nd5 9. Qb3 Be6 10. O-O Nxc3 11. bxc3 Bxc4 12. Qxc4 Be7 13. Bf4 Bd6 14. Bg5
Qd7 15. Rfe1 h6 16. Bh4 Nc6 17. Rab1 b6 18. Rbd1 Na5 19. Qd3 Rfe8 20. Bg3
1/2-1/2

[Event "DEM U14 2005"]
[Site "Willingen GER"]
[Date "2005.05.21"]
[Round "9"]
[White "Bart, Simon"]
[Black "Rath, Oliver"]
[Result "0-1"]
[Termination "normal"]
[Board "12"]
[WhiteElo "1474"]
[BlackElo "1717"]
[PlyCount "82"]
[WhiteFideId "24637327"]
[BlackFideId "24610380"]
[EventCountry "GER"]
[EventRounds "9"]
[EventType "swiss"]
[EventDate "2005.05.15"]

1. e4 c5 2. Nf3 e6 3. c3 d6 4. d4 cxd4 5. cxd4 Nf6 6. Bd3 Be7 7. e5 dxe5 8.
dxe5 Nfd7 9. O-O O-O 10. Qe2 Nc5 11. Bc2 Nc6 12. Be3 Re8 13. Nc3 a6 14. Rfd1
Qc7 15. Bxc5 Bxc5 16. a3 Be7 17. Rac1 Rd8 18. Rxd8+ Qxd8 19. Qe4 g6 20. Rd1 Qc7
21. Ba4 Bd7 22. Nd4 Nxd4 23. Bxd7 Bc5 24. Ba4 Rb8 25. b4 Ba7 26. Ne2 Nxe2+ 27.
Qxe2 b5 28. Bc2 Rc8 29. Bb3 Qc3 30. Qd3 Qxe5 31. Qd7 Rc7 32. Qd6 Qxd6 33. Rxd6
Rc1+ 34. Bd1 Ra1 35. Rd3 Ra2 36. Rf3 Bd4 37. Kf1 Bb2 38. Re3 Bxa3 39. Re2 Ra1
40. Rd2 Bxb4 41. Ke2 Bxd2 0-1

[Event "DEM U14 2005"]
[Site "Willingen GER"]
[Date "2005.05.21"]
[Round "9"]
[White "Jacobi, Robin"]
[Black "Fernschild, Daniel"]
[Result "1-0"]
[Termination "normal"]
[Board "13"]
[WhiteElo "1622"]
[BlackElo "1581"]
[PlyCount "63"]
[WhiteFideId "24646962"]
[BlackFideId "4624513"]
[EventCountry "GER"]
[EventRounds "9"]
[EventType "swiss"]
[EventDate "2005.05.15"]

1. c4 e6 2. Nc3 d5 3. cxd5 exd5 4. d4 c6 5. Bf4 Bd6 6. Bxd6 Qxd6 7. e3 Ne7 8.
Nf3 Bg4 9. Be2 Nd7 10. O-O O-O 11. Ne1 Bxe2 12. Qxe2 Rfe8 13. Nd3 Ng6 14. Qc2
Rac8 15. Na4 b6 16. Rac1 Rc7 17. b4 Rec8 18. Qb3 Nf6 19. h3 Ne4 20. Rc2 f5 21.
Rfc1 f4 22. f3 Ng3 23. exf4 Nxf4 24. Nxf4 Qxf4 25. Qd3 Re8 26. Nc3 Rce7 27. Qd2
Re3 28. b5 Qd6 29. bxc6 Qxc6 30. Ne4 Qxc2 31. Rxc2 Re2 32. Nxg3 1-0

[Event "DEM U14 2005"]
[Site "Willingen GER"]
[Date "2005.05.21"]
[Round "9"]
[White "Völsgen, Georg"]
[Black "Brüggemann, Florian"]
[Result "1-0"]
[Termination "normal"]
[Board "14"]
[WhiteElo "1562"]
[BlackElo "1626"]
[PlyCount "65"]
[WhiteFideId "24635901"]
[BlackFideId "24645567"]
[EventCountry "GER"]
[EventRounds "9"]
[EventType "swiss"]
[EventDate "2005.05.15"]

1. e4 c5 2. Nf3 Nc6 3. d4 cxd4 4. Nxd4 d6 5. Nc3 g6 6. Be3 Bg7 7. Be2 Nf6 8.
O-O O-O 9. Nb3 Bd7 10. h3 a6 11. a4 a5 12. f4 Be6 13. f5 Bxb3 14. cxb3 Ne5 15.
Qd2 Rc8 16. Kh2 Ned7 17. fxg6 hxg6 18. Bh6 Kh7 19. Bxg7 Kxg7 20. Bc4 Ne5 21.
Bb5 Nfd7 22. Rf4 Rh8 23. Raf1 Nc5 24. Qd4 Ne6 25. Rxf7+ Kg8 26. Qd5 Nxf7 27.
Qxe6 Rh7 28. Nd5 Rc2 29. Nxe7+ Kf8 30. Nxg6+ Kg8 31. Ne7+ Kf8 32. Ng6+ Kg8 33.
Bc4 1-0